| 000 | 00553nam a2200181 u 4500 | ||
|---|---|---|---|
| 005 | 20210223133755.0 | ||
| 008 | 190314s2012 mx r 000 0 spa d | ||
| 035 | _aUPN01000229650 | ||
| 049 | _aCG | ||
| 050 | 4 |
_aJV7409 S6 _bD4.4 |
|
| 245 | 0 | 0 |
_aDejando huella, van caminando : _bhistorias de vidas de migrantes. |
| 260 |
_aHermosillo : _bPRONIM-Sonora : _bSEP, _c2012. |
||
| 300 |
_a62 p. : _bil. col. |
||
| 651 | 4 |
_aSONORA - _xEMIGRACION E INMIGRACION _927664 |
|
| 650 | 4 |
_aMIGRACION INTERNA - _zSONORA _927663 |
|
| 905 | _aLibro | ||
| 999 |
_c201745 _d201745 |
||